zpět

Detail výsledku týmu

Hotel Sport, Kralupy nad Vltavou

Datum a čas kvízu

14 Celkem bodů Celkový počet nahraných bodů na tomto kvízu bez doplňovacích otázek.
6. Pořadí na kvízu Konečné umístění týmu na tomto kvízu.

Zaznamenané odpovědi

# Otázka Odpověď Body Výsledky
1. „Pro ___. Ne pro ___." Doplňte... vás; politiky 0
2. Na internetu se minulý týden o... A 0
3. Napište jméno skotského herce... Iain Glen; Hra o trůny 0
4. Jedna automobilka představila... Ferrari 0
5. 41letý americký basketbalista... LeBron James 0
6. Hned v úvodu bod rozdělíme: za... Ulánbátar; Altaj 0
7. Mongolština může být zapisován... cyrilice (azbuka) 0
8. Jak se jmenuje hudební skupina... The Hu 0
9. Které náboženství je v Mongols... buddhismus (lamaismus) 0
10. Do Mongolska zasadila děj svéh... babičce 0